| 000 | 00799nas a2200277 4500 | ||
|---|---|---|---|
| 001 | BR0810182 | ||
| 003 | BR-BrBNA | ||
| 005 | 20231205112923.0 | ||
| 007 | ta | ||
| 008 | 230509b bl.|||p| |||| 00| 00por d | ||
| 040 |
_aBR-BrBNA _bpor _cBiblioteca Nacional de Agricultura |
||
| 041 | _a(Pt) | ||
| 072 | _aP10 | ||
| 100 | 1 | _aPovh, P.H. | |
| 100 | 1 | _aTanigueti, E.R. | |
| 100 | 1 | _aOta, J.J. | |
| 100 | 1 | _aTozzi, M.J. | |
| 245 | 1 | _aInício da aeração e pressões ao longo de vertedouros em degraus | |
| 650 | _aÁGUA | ||
| 650 | _aVAZÃO | ||
| 650 | _aPRESSÃO | ||
| 650 | _aVERTEDOURO | ||
| 773 | 0 |
_tRevista Brasileira de Recursos Hídricos (Brazil) _xISSN 1414-381X _g(Jan-Mar 2004), v. 9(1) p. 97-111 _wBR0810182 |
|
| 909 |
_a202311 _bLúcia _c55 _dLúcia Elande |
||
| 942 |
_2AGRIS _n0 _cANA |
||
| 999 |
_c200799 _d200799 |
||